00581nam a2200157Ia 4500003000900000005001700009008004100026040003100067040001300098041000800111100003600119245005600155260003900211300002000250520015300270IT-RoPAU20220918175744.0120407s9999 xx 000 0 und d aIT-RoPAUc20140509152427.0 cIT-RoPAU aita aPie Discepole del Divin Maestro aCostituzioni delle Pie Discepole del Divin Maestro. c1948aRoma bCasa Generalizia PDDM a202 p.c14,5 cm aIndice Parte prima - Fine e membri della Congregazione Parte seconda - Vita ed opere della Congregazione Parte terza - Governo della Congregazione